Perfect digital photography / (Record no. 20418)

MARC details
000 -LEADER
fixed length control field 01090cam a22003375i 4500
001 - CONTROL NUMBER
control field 15719559
003 - CONTROL NUMBER IDENTIFIER
control field EG-ScBUE
005 - DATE AND TIME OF LATEST TRANSACTION
control field 20230220055432.0
008 - FIXED-LENGTH DATA ELEMENTS--GENERAL INFORMATION
fixed length control field 090430t2009 nyua f 001 0 eng d
020 ## - INTERNATIONAL STANDARD BOOK NUMBER
International Standard Book Number 9780071601665
020 ## - INTERNATIONAL STANDARD BOOK NUMBER
International Standard Book Number 007160166X
040 ## - CATALOGING SOURCE
Original cataloging agency DLC
Language of cataloging eng
Description conventions rda
Transcribing agency DLC
Modifying agency YDX
-- BTCTA
-- BAKER
-- UKM
-- YDXCP
-- MLY
-- ORX
-- VP@
-- DLC
-- EG-ScBUE
082 04 - DEWEY DECIMAL CLASSIFICATION NUMBER
Classification number 775
Item number DIC
Edition number 22
100 1# - MAIN ENTRY--PERSONAL NAME
Personal name Dickman, Jay,
Relator term author.
9 (RLIN) 38275
245 10 - TITLE STATEMENT
Title Perfect digital photography /
Statement of responsibility, etc Jay Dickman, Jay Kinghorn.
250 ## - EDITION STATEMENT
Edition statement Second edition.
264 #1 - PUBLICATION, DISTRIBUTION, ETC. (IMPRINT)
Place of publication, distribution, etc New York :
Name of publisher, distributor, etc McGraw-Hill,
Date of publication, distribution, etc [2009]
264 #4 - PUBLICATION, DISTRIBUTION, ETC. (IMPRINT)
Date of publication, distribution, etc c2009
300 ## - PHYSICAL DESCRIPTION
Extent xix, 508 pages :
Other physical details illustrations (chiefly color) ;
Dimensions 26 cm
336 ## - CONTENT TYPE
Source rdacontent
Content type term text
Content type code txt
337 ## - MEDIA TYPE
Source rdamedia
Media type term unmediated
Media type code n
338 ## - CARRIER TYPE
Source rdacarrier
Carrier type term volume
Carrier type code nc
500 ## - GENERAL NOTE
General note Includes index.<br/>
500 ## - GENERAL NOTE
General note Brilliant pixels from the digital darkroom.
650 #7 - SUBJECT ADDED ENTRY--TOPICAL TERM
Topical term or geographic name as entry element Photography
General subdivision Digital techniques.
Source of heading or term BUEsh
9 (RLIN) 37027
651 ## - SUBJECT ADDED ENTRY--GEOGRAPHIC NAME
Source of heading or term BUEsh
653 ## - INDEX TERM--UNCONTROLLED
Resource For college Communication and mass media
Arrived date list August2015
655 ## - INDEX TERM--GENRE/FORM
Form subdivision Reading book
700 1# - ADDED ENTRY--PERSONAL NAME
Personal name Kinghorn, Jay,
Relator term author.
942 ## - ADDED ENTRY ELEMENTS (KOHA)
Source of classification or shelving scheme Dewey Decimal Classification
Call number prefix 775 DIC
Koha item type Book - Borrowing
Holdings
Withdrawn status Lost status Source of classification or shelving scheme Damaged status Not for loan Collection code Home library Current library Shelving location Date acquired Source of acquisition Cost, normal purchase price Serial Enumeration / chronology Total Checkouts Total Renewals Full call number Barcode Date last seen Date checked out Cost, replacement price Koha item type
    Dewey Decimal Classification     Baccah Central Library Central Library Second Floor 03/08/2015   340.00 21763 1 1 775 DIC 000038998 15/07/2025 07/03/2016 425.00 Book - Borrowing